00720nam a22002057a 4500999001900000005001700019010001500036020002700051035001400078037001300092082001300105245008800118250001000206260005200216270004400268300002400312700002900336942002700365952012200392 c195463d19546320230405114129.0 aENG-136557 a9788195401024c1800.00 aEN-120089 bDBAD/PUB a658.421 aManagerial Competency in Commerce Business & Management/cEdit. by Rajanikant Verma aFirst aUttar PradeshbSocial Research Foundationc2021 a128/170, H- Block, Kidwai NagarbKanpur a6,154p.;c21cm(hbk) aed. by Verma, Rajanikant 2ddccENh658.4mVERe1 001040708NFICaAVbAVd2023-03-29eDBAD/PUBg1800.00l0o658.4 VERpEN-120089r2023-03-29 00:00:00t1v1800.00yEN